00753nam a22002177a 4500999001500000001000600015003000900021005001700030008004100047020001500088040004800103082002200151100002400173245006800197260004000265300002200305504003600327650002200363942001200385952013800397 c8131d813121664BD-DhUAP20220627140857.0220627b20192019Bg |||| |||| 001 0ceng d a9848272798 aBD-DhUAPbENGcBD-DhUAPdBD-DhUAPeBD-DhUAP 222a342.5492 MAT aMatin, Justice M A. aUnwritten Constitution of Bangladesh /c Justice M A Matin. a Dhaka :bMullick Brothers,c2019 . a 176 p. ;c22 cm. aEncloud Index and Bibliography. aLawzBangladesh . 2ddccBK 00102ddc4070aUAPCLbUAPCLcGeneral Stacksd2022-06-27l1m2o342.5492 MATp3010021664r2024-10-30s2024-09-09t1w2022-06-27yBK